[Event "Liga Insular Gran Canaria 2a"]
[Site "Las Palmas"]
[Date "2019.04.06"]
[Round "5.2"]
[White "Gaggero, Flavio"]
[Black "Perez Gil, Jose Juan"]
[Result "1-0"]
[WhiteElo "1549"]
[BlackElo "1652"]
[PlyCount "67"]
[EventDate "2019.03.02"]
[EventType "team-tourn"]
[EventRounds "7"]
[EventCountry "ESP"]
[SourceTitle "EXT 2021"]
[Source "ChessBase"]
[SourceDate "2020.10.23"]
[SourceVersion "1"]
[SourceVersionDate "2020.10.23"]
[SourceQuality "1"]
[WhiteTeam "Cadetra"]
[BlackTeam "Villa de Teror III"]
[WhiteTeamCountry "ESP"]
[BlackTeamCountry "ESP"]

1. e4 d5 2. exd5 Nf6 3. Nf3 Nxd5 4. d4 Bg4 5. Be2 e6 6. 0-0 Bd6 7. Ne5 Bxe2 8. Qxe2 Nd7 9. c4 Nb4 10. a3 Na6 11. b4 0-0 12. Bb2 c6 13. Nd2 f6 14. Nef3 Re8 15. Ne4 Bf4 16. g3 Bc7 17. Rfd1 Qe7 18. Rac1 Rac8 19. Qc2 Bb8 20. Qb3 Nc7 21. a4 a6 22. b5 axb5 23. axb5 cxb5 24. Ba3 bxc4 25. Rxc4 Qf7 26. Nd6 Qh5 27. Nxc8 Rxc8 28. Qxb7 Re8 29. Rdc1 Nb6 30. Rxc7 Bxc7 31. Rxc7 Nd5 32. Rxg7+ Kh8 33. Qf7 Ra8 34. Qxh5 1-0

[Event "Liga Insular Gran Canaria 1a"]
[Site "Las Palmas"]
[Date "2019.03.09"]
[Round "2.1"]
[White "Navarro Guerra del Rio, Cristian"]
[Black "Perez Gil, Jose Juan"]
[Result "1/2-1/2"]
[WhiteElo "1839"]
[BlackElo "1652"]
[PlyCount "95"]
[EventDate "2019.03.02"]
[EventType "team-tourn"]
[EventRounds "7"]
[EventCountry "ESP"]
[SourceTitle "EXT 2021"]
[Source "ChessBase"]
[SourceDate "2020.10.23"]
[SourceVersion "1"]
[SourceVersionDate "2020.10.23"]
[SourceQuality "1"]
[WhiteTeam "Hotel Avda de Canarias III"]
[BlackTeam "Villa de Teror II"]
[WhiteTeamCountry "ESP"]
[BlackTeamCountry "ESP"]

1. d4 e6 2. c4 f5 3. g3 Nf6 4. Bg2 Be7 5. Nh3 0-0 6. 0-0 d6 7. Qb3 Nc6 8. d5 exd5 9. cxd5 Nb8 10. Nf4 Na6 11. Be3 Ng4 12. Bd4 Bf6 13. Ne6 Bxe6 14. dxe6 Qe7 15. e3 c6 16. h3 Nh6 17. Nc3 Kh8 18. Rfd1 d5 19. Ne2 Bxd4 20. Nxd4 Rab8 21. Rac1 Nc7 22. Qa4 a6 23. Nxc6 bxc6 24. Qxc6 Nxe6 25. Rxd5 Nd8 26. Qxa6 Rxb2 27. Rcd1 Ndf7 28. Rd7 Qb4 29. R7d4 Qb8 30. a4 Rb6 31. Qa5 g6 32. Qc3 Kg8 33. a5 Rb3 34. Qa1 Rc8 35. a6 Rc7 36. Bd5 Rb6 37. Qa2 Qa7 38. Bc4 Kf8 39. Qa3+ Kg7 40. Qa1 Kf8 41. Qa3+ Kg7 42. Qa1 Kf8 43. Rd7 Rbc6 44. Rxc7 Rxc7 45. Qa3+ Kg7 46. Qb2+ Kf8 47. Qa3+ Kg7 48. Qb2+ 1/2-1/2

[Event "Canarias-chT"]
[Site "Vecindario"]
[Date "2018.06.03"]
[Round "6.3"]
[White "Betancor Pernia, Jose Alberto"]
[Black "Perez Gil, Jose Juan"]
[Result "1/2-1/2"]
[WhiteElo "1526"]
[BlackElo "1670"]
[PlyCount "159"]
[EventDate "2018.05.31"]
[EventType "team-swiss"]
[EventRounds "6"]
[EventCountry "ESP"]
[SourceTitle "EXT 2024"]
[Source "ChessBase"]
[SourceDate "2023.10.10"]
[SourceVersion "1"]
[SourceVersionDate "2023.10.10"]
[SourceQuality "1"]
[WhiteTeam "Hotel Avda de Canarias II"]
[BlackTeam "Villa de Teror Goya "]
[WhiteTeamCountry "ESP"]
[BlackTeamCountry "ESP"]

1. d4 e6 2. c4 f5 3. Nc3 Nf6 4. Nf3 Be7 5. e3 0-0 6. Bd3 d6 7. 0-0 Nc6 8. a3 e5 9. Bc2 Qe8 10. b4 a6 11. b5 axb5 12. Nxb5 Bd8 13. Bb3 Kh8 14. Bb2 Na5 15. Ba2 Qe7 16. dxe5 dxe5 17. Bxe5 Be6 18. Rc1 Nc6 19. Bc3 Ne4 20. Be1 Qf7 21. Nfd4 Nxd4 22. Nxd4 Bf6 23. Nxe6 Qxe6 24. Qb3 Nc5 25. Qc2 Rfd8 26. Bb4 Be7 27. Rfd1 b6 28. Rd5 Ne4 29. Bxe7 Qxe7 30. Qd3 c6 31. Rxd8+ Rxd8 32. Qb3 Qc7 33. Rd1 Nd2 34. Qc2 Qd6 35. Rc1 Qxa3 36. Bb1 g6 37. g3 Qd6 38. Qb2+ Kg8 39. Qxb6 Rb8 40. c5 Qe5 41. Ba2+ Kg7 42. Qxc6 Ne4 43. Qd5 Qxd5 44. Bxd5 Nf6 45. Be6 Ne8 46. c6 Kf6 47. Bd7 Nc7 48. Ra1 Ke7 49. Kg2 Rb2 50. Ra7 Kd6 51. Rb7 Rc2 52. Rb8 Nd5 53. Kf3 Nf6 54. Rb4 Ne4 55. Rd4+ Ke5 56. Kg2 Rxf2+ 57. Kg1 Rc2 58. Rd1 Nf6 59. Rd4 g5 60. h3 Nd5 61. Rd3 Rc1+ 62. Kf2 Nb4 63. Rd2 Nxc6 64. Bxc6 Rxc6 65. Kf3 h5 66. Rb2 g4+ 67. hxg4 hxg4+ 68. Kg2 Rf6 69. Rf2 Rc6 70. Re2 Ke4 71. Kf2 Rc8 72. Rd2 Rc3 73. Rd4+ Ke5 74. Ke2 Rc2+ 75. Kf1 Rh2 76. Rf4 Rd2 77. Ra4 Rd3 78. Ke2 Rd5 79. Rf4 Ke6 80. Rb4 1/2-1/2

[Event "Canarias-chT"]
[Site "Vecindario"]
[Date "2018.05.31"]
[Round "1.3"]
[White "Diaz Suarez, Hugo"]
[Black "Perez Gil, Jose Juan"]
[Result "1/2-1/2"]
[WhiteElo "2061"]
[BlackElo "1670"]
[PlyCount "43"]
[EventDate "2018.05.31"]
[EventType "team-swiss"]
[EventRounds "6"]
[EventCountry "ESP"]
[SourceTitle "EXT 2019"]
[Source "ChessBase"]
[SourceDate "2018.10.10"]
[SourceVersion "1"]
[SourceVersionDate "2018.10.10"]
[SourceQuality "1"]
[WhiteTeam "Aguas de Teror Centro Goya"]
[BlackTeam "Villa de Teror Goya "]
[WhiteTeamCountry "ESP"]
[BlackTeamCountry "ESP"]

1. d4 e6 2. Nf3 f5 3. g3 Nf6 4. Bg2 Be7 5. 0-0 0-0 6. c4 d6 7. Nc3 Nc6 8. d5 Ne5 9. Nd4 Nxc4 10. Nxe6 Bxe6 11. dxe6 c6 12. Qd3 d5 13. b3 Nd6 14. Bf4 Nfe4 15. Nxd5 cxd5 16. Qxd5 Qb6 17. Rac1 Rac8 18. Be3 Qb5 19. Qd3 a6 20. Rfd1 Rfd8 21. Rxc8 Rxc8 22. Bf4 1/2-1/2

[Event "Las Palmas Insular-chT Primera-B 1617"]
[Site "Las Palmas"]
[Date "2016.11.05"]
[Round "3.3"]
[White "Perez Gil, Jose Juan"]
[Black "Gutierrez Clavijo, Miguel"]
[Result "1-0"]
[WhiteElo "1667"]
[BlackElo "1749"]
[PlyCount "93"]
[EventDate "2016.10.22"]
[EventType "team-tourn"]
[EventRounds "14"]
[EventCountry "ESP"]
[SourceTitle "EXT 2018"]
[Source "ChessBase"]
[SourceDate "2017.10.13"]
[SourceVersion "1"]
[SourceVersionDate "2017.10.13"]
[SourceQuality "1"]
[WhiteTeam "Drago de Sataute Centro Goya III"]
[BlackTeam "Sociedad La Montana"]
[WhiteTeamCountry "ESP"]
[BlackTeamCountry "ESP"]

1. e4 e5 2. Nc3 Nc6 3. Bc4 Nf6 4. d3 h6 5. Nge2 Bc5 6. 0-0 d6 7. Be3 Bb6 8. a3 Bg4 9. Bxb6 axb6 10. Qd2 Be6 11. Ba2 Bxa2 12. Nxa2 Qd7 13. Nac3 0-0 14. Ng3 Ne7 15. f4 exf4 16. Rxf4 Nh7 17. Raf1 Ng5 18. Nce2 f6 19. Nd4 Ne6 20. Nxe6 Qxe6 21. Re1 Qe5 22. d4 Qg5 23. Qf2 Ra5 24. h3 Qg6 25. Nf5 Qf7 26. Qe3 Nxf5 27. exf5 Raa8 28. Re4 Qd5 29. Qf3 Qc6 30. R1e2 Rf7 31. Qb3 d5 32. Re6 Qd7 33. Qb4 Ra4 34. Qe1 Ra8 35. g4 c6 36. Re7 Qd6 37. R2e6 Qf4 38. c3 Raf8 39. Kg2 b5 40. Qe2 Qc1 41. Kg3 Qg1+ 42. Kh4 h5 43. Kxh5 Qc1 44. Kh4 Qf4 45. Qe3 Qf1 46. Kh5 Qg2 47. Kg6 1-0

[Event "Las Palmas Insular-chT Primera-B"]
[Site "Las Palmas"]
[Date "2015.11.28"]
[Round "4.1"]
[White "Perez Gil, Jose Juan"]
[Black "Rodriguez Fernandez, Cristian"]
[Result "0-1"]
[WhiteElo "1643"]
[BlackElo "1988"]
[PlyCount "84"]
[EventDate "2015.10.17"]
[EventType "team-tourn"]
[EventRounds "14"]
[EventCountry "ESP"]
[SourceTitle "CBM 170 Extra"]
[Source "ChessBase"]
[SourceDate "2016.02.25"]
[SourceVersion "1"]
[SourceVersionDate "2016.02.25"]
[SourceQuality "1"]
[WhiteTeam "Goya Villa de Teror IV"]
[BlackTeam "La Aldea"]
[WhiteTeamCountry "ESP"]
[BlackTeamCountry "ESP"]

1. e4 c5 2. g3 Nc6 3. Bg2 g6 4. d3 Bg7 5. f4 d6 6. Nf3 e6 7. 0-0 Nge7 8. c3 0-0 9. Be3 Rb8 10. Nbd2 b5 11. d4 cxd4 12. Nxd4 Nxd4 13. cxd4 Qb6 14. Nb3 a5 15. Qd2 a4 16. Nc1 d5 17. Ne2 b4 18. b3 axb3 19. axb3 dxe4 20. Bxe4 Bb7 21. Bxb7 Qxb7 22. Ra4 Qe4 23. Bf2 Nd5 24. Nc1 Rfc8 25. Qd3 Nc3 26. Qxe4 Nxe4 27. Na2 Nxf2 28. Kxf2 Bxd4+ 29. Kf3 Rc2 30. Nxb4 Rxh2 31. Ke4 Bc3 32. Na2 Rxb3 33. Nxc3 Rxc3 34. Ke5 Rh5+ 35. Kf6 Rf5+ 36. Ke7 Rxg3 37. Rc1 Rg4 38. Rcc4 e5 39. fxe5 Rxc4 40. Rxc4 Rxe5+ 41. Kf6 Rf5+ 42. Ke7 Kg7 0-1

[Event "Las Palmas Insular-chT Primera-A"]
[Site "Las Palmas"]
[Date "2014.01.25"]
[Round "7.3"]
[White "Rojas Mirabal, Pedro"]
[Black "Perez Gil, Jose Juan"]
[Result "1-0"]
[WhiteElo "2077"]
[BlackElo "1972"]
[PlyCount "75"]
[EventDate "2013.11.09"]
[EventType "team-tourn"]
[EventRounds "14"]
[EventCountry "ESP"]
[SourceTitle "EXT 2015"]
[Source "ChessBase"]
[SourceDate "2014.11.20"]
[SourceVersion "1"]
[SourceVersionDate "2014.11.20"]
[SourceQuality "1"]
[WhiteTeam "San Andres"]
[BlackTeam "Villa de Teror "]
[WhiteTeamCountry "ESP"]
[BlackTeamCountry "ESP"]

1. e4 d5 2. exd5 Nf6 3. d4 Nxd5 4. c4 Nf6 5. Nf3 Bg4 6. Be2 e6 7. 0-0 Be7 8. Qb3 Qc8 9. Nc3 0-0 10. Be3 Nbd7 11. Rac1 Re8 12. h3 Bh5 13. Rfe1 a5 14. a3 Bd8 15. c5 c6 16. Ne5 Bxe2 17. Rxe2 Bc7 18. f4 Rb8 19. Qc2 Nd5 20. Rf1 f6 21. Nc4 b5 22. cxb6 N7xb6 23. Nxa5 Nxe3 24. Rxe3 Nd5 25. Nxd5 exd5 26. Rxe8+ Qxe8 27. Nxc6 Rc8 28. b4 Bd6 29. b5 Bxa3 30. Qb3 Bf8 31. Qxd5+ Kh8 32. Qb3 Ra8 33. Qd1 Ra2 34. Re1 Qa8 35. Qh5 g6 36. Qd5 Rb2 37. Qf7 Qa3 38. Re8 1-0

[Event "Las Palmas Insular-chT Primera-B"]
[Site "Las Palmas"]
[Date "2013.02.16"]
[Round "9.2"]
[White "Monteiro Rodrigues, Carlos"]
[Black "Perez Gil, Jose Juan"]
[Result "1/2-1/2"]
[WhiteElo "1562"]
[BlackElo "2012"]
[PlyCount "76"]
[EventDate "2012.11.10"]
[EventType "team-tourn"]
[EventRounds "14"]
[EventCountry "ESP"]
[SourceTitle "EXT 2014"]
[Source "ChessBase"]
[SourceDate "2013.11.20"]
[SourceVersion "1"]
[SourceVersionDate "2013.11.20"]
[SourceQuality "1"]
[WhiteTeam "La Bagacera "]
[BlackTeam "Villa de Teror "]
[WhiteTeamCountry "ESP"]
[BlackTeamCountry "ESP"]

1. e4 d5 2. exd5 Nf6 3. Nc3 Nxd5 4. Bc4 c6 5. Nge2 Bg4 6. f3 Bf5 7. Ng3 Bg6 8. d4 e6 9. 0-0 Bd6 10. Nce4 Bc7 11. Bg5 f6 12. Bd2 0-0 13. Nc5 Qc8 14. c3 Bxg3 15. hxg3 b6 16. Ne4 b5 17. Bb3 a5 18. Qe1 Na6 19. a3 Kh8 20. c4 a4 21. Ba2 Ndc7 22. Bc3 Qd7 23. Rd1 Qe7 24. Rf2 f5 25. Nd2 f4 26. g4 b4 27. axb4 Nxb4 28. Bxb4 Qxb4 29. b3 Bc2 30. Ra1 Bxb3 31. Qe5 Rf7 32. Bb1 Qc3 33. Nxb3 Qxb3 34. Qe4 g6 35. Bd3 a3 36. Rb1 Qa4 37. Ra2 Na6 38. Rba1 Qb4 1/2-1/2